000 00900nam a2200289 i 4500
001 000044278
003 DO-SdBNP
005 20251029105540.0
007 ta
008 140612s1996 dr a 000 0 spa d
020 _a8484002314
040 _aDO-SdBNP
_bspa
_cBNPHU
_erda
041 _aspa
082 _axxxx
_bS211o
_222
100 1 _aSánchez, María Teresa de
_eautor
_930503
245 1 0 _aOcurrencias estudiantiles /
_cMaría Teresa de Sánchez ; edición Eduardo Julia con los auspicios de Freddy Beras Goico.
250 _aTercera edición
264 _aSanto Domingo :
_bTaller,
_c1996.
300 _a71 páginas :
_bilustraciones ;
_c22 cm.
336 _ardacontent
_btexto
_2txt
337 _ardamedia
_bsin mediación
_2n
338 _ardacarrier
_bvolumen
_2nc
590 _aInventariado, 2025/DG
700 1 2 _aJulia, Eduardo
_eedición
_972281
910 _aDG
942 _2ddc
_cLBS1
999 _c43767
_d43767